Statistics for Most Populous Islands A-Z

Click here to take the quiz!

General Stats

  • This quiz has been taken 108 times
  • The average score is 11 of 26

Answer Stats

PopulationIsland% Correct
J141,370,000Java
91%
H104,000,000Honshu
90%
B21,258,000Borneo
87%
M22,434,000Madagascar
84%
S50,180,000Sumatra
80%
C11,167,325Cuba
79%
I6,380,661Ireland
79%
T23,461,708Taiwan
75%
G61,700,000Great Britain
74%
L53,336,134Luzon
73%
N13,200,000New Guinea
60%
K13,200,000Kyushu
54%
V748,937Vancouver
33%
O1,301,000Okinawa
22%
F1,831,000Flores
18%
X1,847,047Xiamen
17%
P4,307,000Panay
12%
W100Wake
10%
Q148,993Qeshm
6%
R838,397Réunion
6%
Z2,890,000Zhongshan
3%
A441,000Ambon
2%
E210,815Euboea
2%
D191,019Dongchong
1%
U896,721Unguja
1%
Y334,977Yangzhong
1%

Score Distribution

Percentile by Number Answered

Percent of People with Each Score

Your Score History

You have not taken this quiz